000 00405nam a2200169Ia 4500
008 230524s9999 xx 000 0 und d
082 _a540
_bJAI
100 _aP.C.Jain
245 0 _aEngineering Chemistry Vol-II
250 _a16TH
260 _aNEW DELHI
_bDhanpat Rai
_c2006
300 _aVIII;312
500 _aQuantity Number: 35
650 _aChemistry
700 _a Monika Jain
942 _cBK
999 _c36635
_d36635